Stella Endicott and the anything-is-possible poem ... Read More
Available copies
- 6 of 7 copies available at LARL/NWRL Consortium.
- 1 of 2 copies available at Lake Agassiz Regional Library. (Show preferred library)
Current holds
0 current holds with 7 total copies.
Show Only Available Copies
| Location | Call Number / Copy Notes | Barcode | Shelving Location | Status | Due Date |
|---|---|---|---|---|---|
| Fosston Public Library | J DIC (Text) | 33500013299474 | Main | Available | - |
| Hawley Public Library | J DIC (Text) | 33500013299482 | Main | Checked out | 05/26/2026 |
| Godel Memorial-Warren Library | j DIC (Text) | 35500006288508 | Main | Available | - |
| Greenbush Public Library | j DIC (Text) | 35500006288516 | Main | Available | - |
| Hallock Public Library | j DIC (Text) | 35500006288490 | Main | Available | - |
| Karlstad LINK Site | j DIC (Text) | 35500006288482 | Main | Available | - |
| Warroad Public Library | j DIC (Text) | 35500006288474 | Main | Available | - |
Record details
- ISBN: 1536201804
- ISBN: 9781536201802
- Physical Description: 85 pages : illustrations ; 21 cm.
- Edition: First edition.
- Publisher: Somerville, Massachusetts : Candlewick Press, 2020.
- Copyright: ©2020
Content descriptions
| Summary, etc.: | Stella Endicott loves her teacher, Miss Liliana, ... Read More |
Search for related items by subject
| Subject: | Poetry > Juvenile fiction. Swine > Juvenile fiction. Elementary schools > Juvenile fiction. Schools > Juvenile fiction. Pigs > Fiction. |
| Genre: | High interest-low vocabulary books. |
Search for related items by series
| LDR | 02196cam a2200421Ii 4500 | ||
|---|---|---|---|
| 001 | 347892 | ||
| 003 | LARL_NWRL_CONSORTIUM | ||
| 005 | 20200616163141.0 | ||
| 008 | 190920t20202020maua j 000 1 eng d | ||
| 040 | . | ‡aYDX ‡beng ‡erda ‡cYDX ‡dSSH ‡dCRM ‡dLJW ‡dOCLCO ‡dOJ4 ‡dUPZ ‡dNRG | |
| 020 | . | ‡a1536201804 | |
| 020 | . | ‡a9781536201802 | |
| 035 | . | ‡a(OCoLC)1119763584 | |
| 082 | 0 | 4. | ‡aJ ordered ‡bDIC |
| 082 | 0 | 4. | ‡a[Fic] ‡223 |
| 049 | . | ‡aNRGA | |
| 100 | 1 | . | ‡aDiCamillo, Kate, ‡eauthor. ‡0(LARL_NWRL_CONSORTIUM)129208 |
| 245 | 1 | 0. | ‡aStella Endicott and the anything-is-possible poem ‡n#5 / ‡cKate DiCamillo ; illustrated by Chris Van Dusen. |
| 250 | . | ‡aFirst edition. | |
| 264 | 1. | ‡aSomerville, Massachusetts : ‡bCandlewick Press, ‡c2020. | |
| 264 | 4. | ‡c©2020 | |
| 300 | . | ‡a85 pages : ‡billustrations ; ‡c21 cm. | |
| 336 | . | ‡atext ‡btxt ‡2rdacontent | |
| 337 | . | ‡aunmediated ‡bn ‡2rdamedia | |
| 338 | . | ‡avolume ‡bnc ‡2rdacarrier | |
| 490 | 0 | . | ‡aTales from Deckawoo Drive ; ‡v5 |
| 520 | . | ‡aStella Endicott loves her teacher, Miss Liliana, and she is thrilled when the class is assigned to write a poem. Stella crafts a beautiful poem about Mercy Watson, the pig who lives next door -- a poem complete with a metaphor and full of curiosity and courage. But Horace Broom, Stella's irritating classmate, insists that Stella's poem is full of lies and that pigs do not live in houses. And when Stella and Horace get into a shouting match in the classroom, Miss Liliana banishes them to the principal's office. Will the two of them find a way to turn this opposite-of-a-poem day around? In the newest spirited outing in the Deckawoo Drive series by Kate DiCamillo, anything is possible -- even a friendship with a boy deemed to be (metaphorically speaking) an overblown balloon. | |
| 650 | 0. | ‡aPoetry ‡vJuvenile fiction. | |
| 650 | 0. | ‡aSwine ‡vJuvenile fiction. ‡0(LARL_NWRL_CONSORTIUM)175370 | |
| 650 | 0. | ‡aElementary schools ‡vJuvenile fiction. | |
| 650 | 0. | ‡aSchools ‡vJuvenile fiction. ‡0(LARL_NWRL_CONSORTIUM)167227 | |
| 650 | 1. | ‡aPigs ‡vFiction. | |
| 655 | 0. | ‡aHigh interest-low vocabulary books. | |
| 700 | 1 | . | ‡aVan Dusen, Chris, ‡eillustrator. ‡0(LARL_NWRL_CONSORTIUM)187196 |
| 905 | . | ‡ubacont | |
| 901 | . | ‡a347892 ‡b ‡c347892 ‡tbiblio ‡soclc | |

Add to basket
Permalink
Disable Highlighting